书目信息 |
| 题名: |
锅炉结构有限元分析
|
|
| 作者: | 王泽军 编著 | |
| 分册: | ||
| 出版信息: | 北京 化学工业出版社 2005.10 |
|
| 页数: | 210页 | |
| 开本: | 26cm | |
| 丛书名: | ||
| 单 册: | ||
| 中图分类: | TK223-39 | |
| 科图分类: | ||
| 主题词: | 锅炉--guo lu--结构工程--有限元分析--应用软件 | |
| 电子资源: | ||
| ISBN: | 7-5025-7575-8 | |
| 000 | 00772nam0 2200217 450 | |
| 001 | 012006938765 | |
| 005 | 20060701082550.64 | |
| 010 | @a7-5025-7575-8@dCNY35.00 | |
| 100 | @a20060610d2005 km y0chiy0120 ea | |
| 101 | 0 | @achi |
| 102 | @aCN@b110000 | |
| 105 | @aa z 000yy | |
| 200 | 1 | @a锅炉结构有限元分析@Aguo lu jie gou you xian yuan fen xi@f王泽军编著@Fwang ze jun bian zhu |
| 210 | @a北京@c化学工业出版社@d2005.10 | |
| 215 | @a210页@c图@d26cm | |
| 330 | @a本书主要阐述了如何更好地使用有限元分析软件解决锅炉结构工程问题,介绍了有限元的基本理论和如何应用软件来进行工程分析。 | |
| 606 | 0 | @a锅炉@Aguo lu@x结构工程@x有限元分析@x应用软件 |
| 690 | @aTK223-39@v4 | |
| 701 | 0 | @a王泽军@Awang ze jun@4编著 |
| 801 | 0 | @aCN@bQSSK@c20060701 |
| 905 | @a10447@dTK223-39@eW452 | |
| 锅炉结构有限元分析/王泽军编著.-北京:化学工业出版社,2005.10 |
| 210页:图;26cm |
| ISBN 7-5025-7575-8:CNY35.00 |
| 本书主要阐述了如何更好地使用有限元分析软件解决锅炉结构工程问题,介绍了有限元的基本理论和如何应用软件来进行工程分析。 |
| ● |
| 相关链接 |
|
|
|
正题名:锅炉结构有限元分析
索取号:TK223-39/W452
 
预约/预借
| 序号 | 登录号 | 条形码 | 馆藏地/架位号 | 状态 | 备注 |
| 1 | 582062 | 205820628 | 自科库501/501自科库 136排4列2层/ [索取号:TK223-39/W452] | 在馆 | |
| 2 | 582063 | 205820637 | 自科库501/501自科库 136排4列2层/ [索取号:TK223-39/W452] | 在馆 | |
| 3 | 582064 | 205820646 | 期刊室512/501自科库 136排4列2层/ [索取号:TK223-39/W452] | 在馆 |